[Event "PUR-ch (Women)"]
[Site "Ponce"]
[Date "2025.04.06"]
[Round "4"]
[White "Vega Jimenez, Keyshla M"]
[Black "Rivera Negron, Yanira"]
[Result "1/2-1/2"]
[WhiteElo "1781"]
[BlackElo "1810"]
[PlyCount "87"]
[EventDate "2025.04.04"]
[EventType "swiss"]
[EventRounds "5"]
[EventCountry "PUR"]
[SourceTitle "CB15_2025"]
[SourceDate "2025.04.09"]
[SourceVersion "1"]
[SourceVersionDate "2025.04.09"]
[SourceQuality "1"]

1. e4 e6 2. d4 d5 3. exd5 exd5 4. Nf3 Bd6 5. c4 Qe7+ 6. Be3 Bf4 7. Qe2 Bxe3 8. Qxe3 Qxe3+ 9. fxe3 Ne7 10. Nc3 Be6 11. c5 c6 12. Bd3 Nd7 13. 0-0 h6 14. b4 0-0 15. a4 Bf5 16. Be2 a5 17. b5 Rfe8 18. Nd2 Bh7 19. Bg4 Nf6 20. Bh3 Bd3 21. Rf2 Ng6 22. Re1 Re7 23. Bf5 Bxf5 24. Rxf5 Rae8 25. Nf1 Ng4 26. Rf3 Nh4 27. Rf4 h5 28. Ng3 g5 29. Rff1 Rxe3 30. Rc1 Rd3 31. Nf5 Nxf5 32. Rxf5 Rxd4 33. Rxg5+ Kf8 34. bxc6 bxc6 35. Rxh5 Kg7 36. h3 Nf6 37. Rg5+ Kh6 38. Rf5 Kg6 39. Rcf1 Nd7 40. Rxf7 Nxc5 41. R1f6+ Kg5 42. Rf5+ Kg6 43. R5f6+ Kg5 44. Rf5+ 1/2-1/2

[Event "PUR-ch (Women)"]
[Site "Ponce"]
[Date "2025.04.05"]
[Round "3"]
[White "Alvarado Perez, Coralys M"]
[Black "Vega Jimenez, Keyshla M"]
[Result "0-1"]
[WhiteElo "1697"]
[BlackElo "1781"]
[PlyCount "68"]
[EventDate "2025.04.04"]
[EventType "swiss"]
[EventRounds "5"]
[EventCountry "PUR"]
[SourceTitle "CB15_2025"]
[SourceDate "2025.04.09"]
[SourceVersion "1"]
[SourceVersionDate "2025.04.09"]
[SourceQuality "1"]

1. e4 e6 2. g3 d5 3. Bg2 Nf6 4. exd5 exd5 5. d4 c6 6. Ne2 Bd6 7. 0-0 0-0 8. h3 Re8 9. Nd2 Be6 10. f4 Bf5 11. Nf3 Ne4 12. Nh4 Bd7 13. Kh2 Qf6 14. Qd3 Na6 15. c3 Nc7 16. Ng1 c5 17. a4 c4 18. Qf3 Re7 19. Qh5 Rae8 20. Ngf3 g6 21. Qh6 Re6 22. Ng5 Nxg5 23. fxg5 Qh8 24. Nf3 Re4 25. Ne5 Bxe5 26. Bxe4 Bg7 27. Qh4 Rxe4 28. g4 Bf8 29. Qf2 Bd6+ 30. Kg1 Qg7 31. Re1 Rxe1+ 32. Qxe1 f5 33. gxf6 Qxf6 34. Be3 Qf3 0-1

[Event "American Continental (Women) 15th"]
[Site "Santo Domingo"]
[Date "2024.11.26"]
[Round "5"]
[White "Vega Jimenez, Keyshla M"]
[Black "Mateus, Martha"]
[Result "0-1"]
[WhiteElo "1796"]
[BlackElo "1957"]
[PlyCount "70"]
[EventDate "2024.11.24"]
[EventType "swiss"]
[EventRounds "9"]
[EventCountry "DOM"]
[SourceTitle "CB49_2024"]
[SourceDate "2024.12.04"]
[SourceVersion "1"]
[SourceVersionDate "2024.12.04"]
[SourceQuality "1"]

1. e4 c5 2. Nc3 Nc6 3. f4 g6 4. Nf3 Bg7 5. Be2 Nd4 6. Bc4 e6 7. d3 Ne7 8. Nxd4 cxd4 9. Ne2 b5 10. Bb3 Bb7 11. 0-0 0-0 12. Qe1 a5 13. a3 Qc7 14. a4 b4 15. Qh4 d5 16. f5 exf5 17. Bf4 Qd7 18. e5 Nc6 19. Rf3 Nxe5 20. Rh3 h5 21. Ng3 Rfe8 22. Nxh5 gxh5 23. Qxh5 Ng4 24. Qh7+ Kf8 25. Bg5 Ra6 26. Rf1 Rg6 27. Qh4 Re3 28. Rhf3 Rxf3 29. Rxf3 Qe6 30. h3 Ne5 31. Rf1 Bf6 32. Bh6+ Kg8 33. Qf4 Kh7 34. Bf8 Bg5 35. Qxd4 Nd7 0-1

[Event "Olympiad Women-45"]
[Site "Budapest"]
[Date "2024.09.11"]
[Round "1.2"]
[White "Papp, Petra"]
[Black "Vega Jimenez, Keyshla M"]
[Result "1-0"]
[WhiteElo "2259"]
[BlackElo "1769"]
[PlyCount "45"]
[EventDate "2024.09.11"]
[EventType "team-swiss"]
[EventRounds "11"]
[EventCountry "HUN"]
[SourceTitle "EXT 2025"]
[Source "ChessBase"]
[SourceDate "2024.10.14"]
[SourceVersion "1"]
[SourceVersionDate "2024.10.14"]
[SourceQuality "1"]
[WhiteTeam "Hungary (W)"]
[BlackTeam "Puerto Rico (W)"]
[WhiteTeamCountry "HUN"]
[BlackTeamCountry "PUR"]

1. d4 Nf6 2. Nf3 e6 3. Bf4 d5 4. e3 Bd6 5. Ne5 0-0 6. Nd2 c5 7. c3 Qc7 8. Bd3 Nbd7 9. Ndf3 b6 10. h4 Nh5 11. Bxh7+ Kh8 12. Bd3 Nxf4 13. exf4 cxd4 14. cxd4 Bb4+ 15. Kf1 Nf6 16. Rc1 Qb7 17. Ng5 Kg8 18. g3 Bd6 19. Qe2 a5 20. Kg2 Bd7 21. Ng4 Ne8 22. Nh7 f5 23. Nxf8 1-0

[Event "Iberoamerican-ch 9th"]
[Site "Panama City"]
[Date "2023.11.29"]
[Round "6"]
[White "Pitty Rodriguez, Lucas Antonio"]
[Black "Vega Jimenez, Keyshla M"]
[Result "0-1"]
[WhiteElo "1152"]
[BlackElo "1659"]
[PlyCount "144"]
[EventDate "2023.11.25"]
[EventType "swiss"]
[EventRounds "9"]
[EventCountry "PAN"]
[SourceTitle "CBM 217 Extra"]
[Source "ChessBase"]
[SourceDate "2024.01.31"]
[SourceVersion "1"]
[SourceVersionDate "2024.01.31"]
[SourceQuality "1"]

1. e4 e5 2. Nf3 Nc6 3. Bc4 Bc5 4. d3 d6 5. c3 Nf6 6. 0-0 0-0 7. Re1 Bb6 8. Bg5 h6 9. Be3 Re8 10. Bxb6 axb6 11. a3 Be6 12. Bxe6 Rxe6 13. Nbd2 Nh7 14. d4 Rg6 15. g3 Ng5 16. Kh1 Qd7 17. Ng1 Rf6 18. d5 Ne7 19. Qe2 Rg6 20. Rf1 Re8 21. f4 exf4 22. gxf4 Nh7 23. Qf3 f5 24. Rae1 Nf6 25. Re2 fxe4 26. Nxe4 Nfxd5 27. f5 Rf8 28. Ng3 Rgf6 29. c4 Kh8 30. cxd5 Nxf5 31. Ref2 Nxg3+ 32. Qxg3 Rxf2 33. Rxf2 Rxf2 34. Qxf2 Qb5 35. Qd2 Qc4 36. Kg2 Qg4+ 37. Kh1 Qe4+ 38. Qg2 Qe5 39. h3 Kg8 40. h4 Qd4 41. Kh2 Qxh4+ 42. Qh3 Qf2+ 43. Qg2 Qxg2+ 44. Kxg2 c6 45. dxc6 bxc6 46. a4 Kf7 47. b4 Ke6 48. Nf3 g6 49. Nd4+ Kd7 50. Ne2 d5 51. Nf4 g5 52. Nd3 Kd6 53. Kf3 h5 54. Nf2 c5 55. b5 c4 56. Nd1 d4 57. Ke2 g4 58. Nf2 Kc5 59. Kd2 Kb4 60. a5 Kxa5 61. Kc2 Kxb5 62. Ne4 h4 63. Kb2 g3 64. Ka2 g2 65. Kb2 g1Q 66. Nd2 Qf2 67. Ka3 Qe3+ 68. Kb2 c3+ 69. Ka3 cxd2+ 70. Kb2 Kb4 71. Ka2 Qb3+ 72. Ka1 d1R# 0-1

[Event "Iberoamerican-ch 9th"]
[Site "Panama City"]
[Date "2023.11.26"]
[Round "2"]
[White "Pilarte Tijerino, Rene Antonio"]
[Black "Vega Jimenez, Keyshla M"]
[Result "1-0"]
[WhiteElo "2010"]
[BlackElo "1659"]
[PlyCount "61"]
[EventDate "2023.11.25"]
[EventType "swiss"]
[EventRounds "9"]
[EventCountry "PAN"]
[SourceTitle "EXT 2025"]
[Source "ChessBase"]
[SourceDate "2024.10.14"]
[SourceVersion "1"]
[SourceVersionDate "2024.10.14"]
[SourceQuality "1"]

1. Nf3 d5 2. g3 Nf6 3. Bg2 e6 4. d4 Be7 5. 0-0 0-0 6. c4 Nbd7 7. cxd5 exd5 8. Nc3 c6 9. Bf4 Re8 10. Qc2 Bf8 11. a3 a5 12. Rab1 Nb6 13. Ne5 g6 14. Rbd1 Bf5 15. Qc1 Nbd7 16. Rfe1 Bg7 17. Nxd7 Qxd7 18. Be5 a4 19. f3 h5 20. Qf4 Kh7 21. Bxf6 Bxf6 22. g4 Qe7 23. gxf5 Bg5 24. fxg6+ fxg6 25. Qg3 Qe3+ 26. Qf2 Qe7 27. e4 Bh4 28. Qe3 b5 29. Re2 Rad8 30. Qd3 Qf7 31. exd5 1-0

[Event "Iberoamerican-ch 9th"]
[Site "Panama City"]
[Date "2023.11.26"]
[Round "3"]
[White "Vega Jimenez, Keyshla M"]
[Black "Noriega Mejia, Luis Fernando"]
[Result "1-0"]
[WhiteElo "1659"]
[BlackElo "1251"]
[PlyCount "69"]
[EventDate "2023.11.25"]
[EventType "swiss"]
[EventRounds "9"]
[EventCountry "PAN"]
[SourceTitle "CBM 217 Extra"]
[Source "ChessBase"]
[SourceDate "2024.01.31"]
[SourceVersion "1"]
[SourceVersionDate "2024.01.31"]
[SourceQuality "1"]

1. e4 e5 2. Nf3 Nc6 3. Nc3 Nf6 4. d4 exd4 5. Nxd4 Bb4 6. Nxc6 bxc6 7. Bd3 0-0 8. 0-0 Bxc3 9. bxc3 Re8 10. Bg5 h6 11. Bh4 g5 12. Bg3 Nxe4 13. Qh5 Kg7 14. Bxe4 Rxe4 15. Rfe1 Rxe1+ 16. Rxe1 d6 17. Qe2 Bd7 18. Qe3 c5 19. f3 Qe8 20. Qd3 Be6 21. c4 Qa4 22. Qc3+ Kg6 23. Re4 Qxa2 24. h4 Qb1+ 25. Kh2 Qb4 26. Qe3 Qb7 27. f4 Bf5 28. Re7 g4 29. h5+ Kf6 30. Bh4+ Kg7 31. Qc3+ Kg8 32. Qf6 Rf8 33. Qxh6 Qb4 34. Bf6 g3+ 35. Kxg3 1-0

[Event "Iberoamerican-ch 9th"]
[Site "Panama City"]
[Date "2023.11.25"]
[Round "1"]
[White "Vega Jimenez, Keyshla M"]
[Black "Urriola Torres, Valentina"]
[Result "1-0"]
[WhiteElo "1659"]
[BlackElo "1148"]
[PlyCount "39"]
[EventDate "2023.11.25"]
[EventType "swiss"]
[EventRounds "9"]
[EventCountry "PAN"]
[SourceTitle "EXT 2025"]
[Source "ChessBase"]
[SourceDate "2024.10.14"]
[SourceVersion "1"]
[SourceVersionDate "2024.10.14"]
[SourceQuality "1"]

1. e4 e5 2. Nf3 Nf6 3. Nc3 Nc6 4. d4 exd4 5. Nxd4 Bb4 6. Nxc6 bxc6 7. Bd3 Qe7 8. 0-0 0-0 9. Qf3 a5 10. Bg5 Qe5 11. Bf4 Qd4 12. e5 Ne8 13. Rad1 Qc5 14. Ne4 Qe7 15. Qh5 Ba6 16. Nf6+ Nxf6 17. exf6 g6 18. fxe7 gxh5 19. exf8Q+ Rxf8 20. Bxa6 1-0

[Event "PUR-ch (Women)"]
[Site "Guaynabo"]
[Date "2020.03.08"]
[Round "4"]
[White "Vega Jimenez, Keyshla M"]
[Black "Hernandez Resto, Aracelys"]
[Result "1-0"]
[WhiteElo "1647"]
[BlackElo "1320"]
[PlyCount "51"]
[EventDate "2020.03.06"]
[EventType "swiss"]
[EventRounds "5"]
[EventCountry "PUR"]
[SourceTitle "CBM 195 Extra"]
[Source "ChessBase"]
[SourceDate "2020.05.31"]
[SourceVersion "1"]
[SourceVersionDate "2020.05.31"]
[SourceQuality "1"]

1. e4 d6 2. d4 Nf6 3. Nc3 Nc6 4. Nf3 Bg4 5. Be2 Bxf3 6. Bxf3 e5 7. Ne2 g6 8. Be3 Bg7 9. c3 Qd7 10. h3 h5 11. Qb3 Na5 12. Qb4 b6 13. Rd1 c5 14. dxc5 dxc5 15. Rxd7 cxb4 16. Rc7 bxc3 17. b4 Kd8 18. Rxf7 Rg8 19. bxa5 Rc8 20. Bg5 Ke8 21. Rxf6 Bxf6 22. Bxf6 bxa5 23. Bxe5 c2 24. 0-0 Ke7 25. Rc1 Rgd8 26. Nd4 1-0

[Event "PUR-ch (Women)"]
[Site "Guaynabo"]
[Date "2020.03.08"]
[Round "5"]
[White "Vega Jimenez, Keyshla M"]
[Black "Morales Santos, Natasha"]
[Result "0-1"]
[WhiteElo "1647"]
[BlackElo "1957"]
[PlyCount "110"]
[EventDate "2020.03.06"]
[EventType "swiss"]
[EventRounds "5"]
[EventCountry "PUR"]
[SourceTitle "CBM 195 Extra"]
[Source "ChessBase"]
[SourceDate "2020.05.31"]
[SourceVersion "1"]
[SourceVersionDate "2020.05.31"]
[SourceQuality "1"]

1. e4 e6 2. d4 d5 3. exd5 exd5 4. Bd3 Bd6 5. Nf3 Nf6 6. 0-0 0-0 7. Nc3 c6 8. Re1 Bg4 9. h3 Bh5 10. Bg5 Nbd7 11. g4 Bg6 12. Bxg6 hxg6 13. Ne5 Re8 14. f4 Qb6 15. Qd3 Bxe5 16. fxe5 Rxe5 17. Be3 Re7 18. Re2 Rae8 19. Rae1 Ne4 20. Nxe4 Rxe4 21. Bf2 Nf6 22. c3 Rxe2 23. Rxe2 Rxe2 24. Qxe2 Ne4 25. Kg2 Qc7 26. Qe3 Qb6 27. Qe2 Qa5 28. a3 a6 29. Be1 Qa4 30. Bg3 a5 31. Bc7 Kf8 32. Bf4 Qb3 33. Bc1 a4 34. h4 Qb6 35. Bf4 Qd8 36. Bg3 b5 37. Qe3 g5 38. hxg5 Qxg5 39. Qf4 Qxf4 40. Bxf4 g5 41. Be3 Kg7 42. Kf3 Kg6 43. Ke2 f5 44. gxf5+ Kxf5 45. Kd3 Kg4 46. Kc2 Kf3 47. Bg1 g4 48. Bh2 g3 49. Bxg3 Kxg3 50. b3 Kf3 51. bxa4 bxa4 52. Kd3 Nd6 53. Kc2 Ke2 54. Kc1 Kd3 55. Kb2 Nc4+ 0-1

[Event "Olympiad Women-43"]
[Site "Batumi"]
[Date "2018.10.04"]
[Round "10.3"]
[White "Vega Jimenez, Keyshla M"]
[Black "Almaini, Aishah Sarhan"]
[Result "0-1"]
[WhiteElo "1683"]
[BlackElo "1490"]
[PlyCount "78"]
[EventDate "2018.09.24"]
[EventType "team-swiss"]
[EventRounds "11"]
[EventCountry "GEO"]
[SourceTitle "EXT 2020"]
[Source "ChessBase"]
[SourceDate "2019.10.17"]
[SourceVersion "1"]
[SourceVersionDate "2019.10.17"]
[SourceQuality "1"]
[WhiteTeam "Puerto Rico (W)"]
[BlackTeam "United Arab Emirates (W)"]
[WhiteTeamCountry "PUR"]
[BlackTeamCountry "UAE"]

1. e4 g6 2. d4 Bg7 3. Nc3 d6 4. Be3 Nf6 5. Qd2 c6 6. h3 b5 7. e5 Nfd7 8. f4 Nb6 9. b3 a5 10. Nf3 b4 11. Ne2 Nd5 12. g4 h5 13. Rg1 hxg4 14. hxg4 a4 15. bxa4 Rxa4 16. c4 Nxe3 17. Qxe3 Ra3 18. Qf2 Qa5 19. Nd2 b3 20. Rb1 bxa2 21. Ra1 Rb3 22. Kd1 Rb2 23. Nc1 Qa4+ 24. Ke1 Na6 25. exd6 exd6 26. Qe3+ Kd8 27. Qc3 Rc2 28. Qb3 Qxb3 29. Ndxb3 Rhh2 30. Bd3 Rb2 31. Be2 Nb4 32. Bd1 Nc2+ 33. Bxc2 Rbxc2 34. Kd1 c5 35. Rf1 Bxg4+ 36. Ke1 Bxd4 37. Nxd4 cxd4 38. Rg1 Bh5 39. Nd3 Rcd2 0-1

[Event "Olympiad Women-43"]
[Site "Batumi"]
[Date "2018.10.03"]
[Round "9.2"]
[White "Jumba, Gloria"]
[Black "Vega Jimenez, Keyshla M"]
[Result "1/2-1/2"]
[WhiteElo "1598"]
[BlackElo "1683"]
[PlyCount "65"]
[EventDate "2018.09.24"]
[EventType "team-swiss"]
[EventRounds "11"]
[EventCountry "GEO"]
[SourceTitle "EXT 2020"]
[Source "ChessBase"]
[SourceDate "2019.10.17"]
[SourceVersion "1"]
[SourceVersionDate "2019.10.17"]
[SourceQuality "1"]
[WhiteTeam "Kenya (W)"]
[BlackTeam "Puerto Rico (W)"]
[WhiteTeamCountry "KEN"]
[BlackTeamCountry "PUR"]

1. d4 Nf6 2. Nf3 d5 3. g3 c6 4. Bg2 Bf5 5. 0-0 h6 6. Nbd2 Nbd7 7. c4 e6 8. b3 Be7 9. Bb2 0-0 10. Ne5 Rc8 11. Nxd7 Qxd7 12. Nf3 Rfd8 13. Qd2 Ne4 14. Qe3 Qc7 15. c5 Bf6 16. b4 b6 17. Nd2 Nxd2 18. Qxd2 bxc5 19. bxc5 e5 20. e3 exd4 21. Bxd4 Be7 22. Rfc1 Rb8 23. Bf1 Be4 24. Bd3 Bf3 25. Be2 Be4 26. Qc3 f6 27. f3 Bf5 28. Bd3 Be6 29. Rab1 Qd7 30. Bf1 Bh3 31. Qd2 Bf5 32. Bd3 Bh3 33. Bf1 1/2-1/2

[Event "Olympiad Women-43"]
[Site "Batumi"]
[Date "2018.09.24"]
[Round "1.29"]
[White "Martinez, Ayelen"]
[Black "Vega Jimenez, Keyshla M"]
[Result "1-0"]
[WhiteElo "2215"]
[BlackElo "1683"]
[PlyCount "57"]
[EventDate "2018.09.24"]
[EventType "team-swiss"]
[EventRounds "11"]
[EventCountry "GEO"]
[SourceTitle "EXT 2020"]
[Source "ChessBase"]
[SourceDate "2019.10.17"]
[SourceVersion "1"]
[SourceVersionDate "2019.10.17"]
[SourceQuality "1"]
[WhiteTeam "Argentina (W)"]
[BlackTeam "Puerto Rico (W)"]
[WhiteTeamCountry "ARG"]
[BlackTeamCountry "PUR"]

1. e4 c5 2. Nf3 e6 3. d4 cxd4 4. Nxd4 a6 5. Bd3 Qc7 6. 0-0 Nf6 7. c4 Be7 8. Qe2 d6 9. f4 Nbd7 10. Nc3 b6 11. Bd2 Bb7 12. Rac1 Rc8 13. b4 g6 14. a3 0-0 15. Rce1 Rfd8 16. Nf3 Bf8 17. Qf2 Bg7 18. Qh4 Nh5 19. Rc1 Nb8 20. g4 Nf6 21. f5 e5 22. Ng5 Nbd7 23. fxg6 hxg6 24. Rf3 Kf8 25. Rcf1 Ke7 26. Nh7 Rh8 27. Bg5 Ke6 28. Bxf6 Nf8 29. Bxg7 1-0

[Event "PUR-ch (Women)"]
[Site "Guaynabo"]
[Date "2018.07.01"]
[Round "5"]
[White "Martorell Martinez, Joyce Lee"]
[Black "Vega Jimenez, Keyshla M"]
[Result "1/2-1/2"]
[WhiteElo "1613"]
[BlackElo "1658"]
[PlyCount "86"]
[EventDate "2018.06.29"]
[EventType "tourn"]
[EventRounds "10"]
[EventCountry "PUR"]
[SourceTitle "EXT 2019"]
[Source "ChessBase"]
[SourceDate "2018.10.10"]
[SourceVersion "1"]
[SourceVersionDate "2018.10.10"]
[SourceQuality "1"]

1. d4 d5 2. Nf3 Nf6 3. Bg5 e6 4. Nbd2 Be7 5. e3 0-0 6. Be2 Nbd7 7. 0-0 h6 8. Bf4 c5 9. c4 cxd4 10. exd4 b6 11. h3 Bb7 12. Rc1 Rc8 13. a3 a5 14. Re1 Nb8 15. Bxb8 Rxb8 16. c5 bxc5 17. dxc5 Qc8 18. b4 axb4 19. axb4 Ba6 20. Rb1 Bxe2 21. Qxe2 Nd7 22. Rec1 Bf6 23. c6 Nb6 24. b5 Qc7 25. Nb3 Na4 26. Qd3 Rfd8 27. Nc5 Nxc5 28. Rxc5 Rb6 29. Rb3 Ra8 30. g3 Ra4 31. Rc1 Ra5 32. Rcb1 Ra4 33. Rb4 Ra5 34. R4b3 Ra4 35. Ra3 Ra7 36. Rab3 Qd6 37. Rc1 Qc7 38. Kg2 g6 39. h4 Kg7 40. Kh3 Ra2 41. Kg2 Ra7 42. Rcb1 Qd6 43. Rc1 Qc7 1/2-1/2

[Event "PUR-ch (Women)"]
[Site "Guaynabo"]
[Date "2018.06.29"]
[Round "1"]
[White "Vega Jimenez, Keyshla M"]
[Black "Maldonado Polo, Mariangeli"]
[Result "1-0"]
[WhiteElo "1658"]
[BlackElo "1248"]
[PlyCount "51"]
[EventDate "2018.06.29"]
[EventType "tourn"]
[EventRounds "10"]
[EventCountry "PUR"]
[SourceTitle "EXT 2019"]
[Source "ChessBase"]
[SourceDate "2018.10.10"]
[SourceVersion "1"]
[SourceVersionDate "2018.10.10"]
[SourceQuality "1"]

1. e4 e5 2. Nf3 Nc6 3. Nc3 Nf6 4. d4 exd4 5. Nxd4 Bc5 6. Nxc6 bxc6 7. Bd3 h6 8. 0-0 0-0 9. e5 Ne8 10. Qf3 f6 11. Qe4 f5 12. Qc4+ Kh8 13. Qxc5 d6 14. exd6 Qxd6 15. Qxd6 Nxd6 16. Bf4 Bb7 17. Rfe1 Rae8 18. Bxd6 cxd6 19. Rxe8 Rxe8 20. Bxf5 c5 21. Nb5 Re5 22. Nxd6 Bd5 23. Bd3 Kg8 24. Bc4 Bxc4 25. Nxc4 Re2 26. Ne3 1-0

[Event "PUR-ch"]
[Site "San Juan"]
[Date "2017.07.16"]
[Round "5"]
[White "Vega Jimenez, Keyshla M"]
[Black "Marina Santana, Cristian M"]
[Result "0-1"]
[WhiteElo "1666"]
[BlackElo "1518"]
[PlyCount "126"]
[EventDate "2017.07.14"]
[EventType "tourn"]
[EventRounds "11"]
[EventCountry "PUR"]
[SourceTitle "EXT 2018"]
[Source "ChessBase"]
[SourceDate "2017.10.13"]
[SourceVersion "1"]
[SourceVersionDate "2017.10.13"]
[SourceQuality "1"]

1. e4 d5 2. exd5 Qxd5 3. Nf3 Nf6 4. d4 Bg4 5. Be2 e6 6. Be3 c6 7. 0-0 Qd8 8. c4 Nbd7 9. Nc3 Be7 10. Ne5 Bxe2 11. Qxe2 0-0 12. Rad1 Qc7 13. Bf4 Nxe5 14. Bxe5 Qd7 15. Rd3 Rad8 16. Rfd1 Rfe8 17. Qf3 Qc8 18. Bxf6 Bxf6 19. Ne4 Be7 20. Qh5 Qc7 21. Rh3 h6 22. Rf3 Bf8 23. Qg4 Kh8 24. Ng3 e5 25. Rfd3 exd4 26. Rxd4 Bc5 27. Rxd8 Rxd8 28. Rxd8+ Qxd8 29. Qe2 Qf6 30. Qe8+ Kh7 31. Qe4+ g6 32. Qc2 Qe5 33. Qd2 Qe6 34. b3 Qf6 35. Qe1 Qb2 36. Qe2 Qxe2 37. Nxe2 Kg7 38. Nf4 Kf6 39. Nd3 Bd4 40. Kf1 b6 41. Ke2 g5 42. f3 a5 43. a4 Ke6 44. g4 c5 45. h3 f6 46. f4 f5 47. Kf3 Bc3 48. Ke3 Kf6 49. Kf3 Bd2 50. Ne5 Ke6 51. gxf5+ Kxf5 52. Nd7 Bxf4 53. Nxb6 h5 54. Nd5 Bd6 55. Ke3 g4 56. hxg4+ hxg4 57. Nc3 g3 58. Ne2 Kg4 59. Ke4 g2 60. Ng1 Bh2 61. Nf3 Bg3 62. Ng1 Bf2 63. Nf3 Kg3 0-1

[Event "Olympiad Women-42"]
[Site "Baku"]
[Date "2016.09.04"]
[Round "3.27"]
[White "Ouellet, Maili Jade"]
[Black "Vega Jimenez, Keyshla M"]
[Result "1-0"]
[WhiteElo "1992"]
[BlackElo "1641"]
[PlyCount "73"]
[EventDate "2016.09.02"]
[EventType "team-swiss"]
[EventRounds "11"]
[EventCountry "AZE"]
[SourceTitle "CBM 174 Extra"]
[Source "ChessBase"]
[SourceDate "2016.10.10"]
[SourceVersion "1"]
[SourceVersionDate "2016.10.10"]
[SourceQuality "1"]
[WhiteTeam "Canada (W)"]
[BlackTeam "Puerto Rico (W)"]
[WhiteTeamCountry "CAN"]
[BlackTeamCountry "PUR"]

1. d4 d5 2. c4 e6 3. Nc3 Nf6 4. cxd5 exd5 5. Qc2 c6 6. Bg5 Be7 7. e3 0-0 8. Bd3 h6 9. Bh4 Nbd7 10. Nf3 Re8 11. 0-0 Ne4 12. Bxe7 Qxe7 13. Rae1 Ndf6 14. Ne5 Bd7 15. f3 Nd6 16. e4 dxe4 17. fxe4 Be6 18. Nf3 Nb5 19. Nxb5 cxb5 20. Bxb5 Rec8 21. Qb1 Bc4 22. Bxc4 Rxc4 23. e5 Nd5 24. Qe4 Qe6 25. Nd2 Rc7 26. Qf3 Rc2 27. Ne4 Rxb2 28. Nc5 Qc6 29. Qxf7+ Kh8 30. Rf3 Re8 31. Rg3 Re7 32. Qf8+ Kh7 33. Qf5+ Kh8 34. Rg6 Nf6 35. Rf1 Qd5 36. exf6 Qxd4+ 37. Kh1 1-0

[Event "Olympiad Women-42"]
[Site "Baku"]
[Date "2016.09.03"]
[Round "2.53"]
[White "Vega Jimenez, Keyshla M"]
[Black "Prasad, Tanvi"]
[Result "1-0"]
[WhiteElo "1641"]
[BlackElo "1339"]
[PlyCount "75"]
[EventDate "2016.09.02"]
[EventType "team-swiss"]
[EventRounds "11"]
[EventCountry "AZE"]
[SourceTitle "CBM 174 Extra"]
[Source "ChessBase"]
[SourceDate "2016.10.10"]
[SourceVersion "1"]
[SourceVersionDate "2016.10.10"]
[SourceQuality "1"]
[WhiteTeam "Puerto Rico (W)"]
[BlackTeam "Fiji (W)"]
[WhiteTeamCountry "PUR"]
[BlackTeamCountry "FIJ"]

1. e4 e5 2. Nf3 Nc6 3. d4 exd4 4. Nxd4 Nf6 5. Nc3 g6 6. Nxc6 bxc6 7. Bg5 Be7 8. Bd3 h6 9. Be3 d5 10. exd5 cxd5 11. h3 d4 12. Bxd4 Qxd4 13. Bb5+ Bd7 14. Qxd4 Bxb5 15. Nxb5 0-0 16. 0-0 Rad8 17. Qe3 Bd6 18. Nxd6 cxd6 19. Qxh6 Nh7 20. f4 f5 21. Qxg6+ Kh8 22. Rae1 Rg8 23. Qxf5 Rdf8 24. Qh5 a6 25. Re7 Rg7 26. Rxg7 Kxg7 27. f5 Kg8 28. Rf4 Rf7 29. Qg6+ Rg7 30. Qe8+ Nf8 31. f6 Rg5 32. Rg4 Rxg4 33. hxg4 a5 34. g5 d5 35. g6 a4 36. g7 a3 37. gxf8Q+ Kh7 38. Qh5# 1-0

[Event "PUR-ch (Women)"]
[Site "Humacao"]
[Date "2016.05.15"]
[Round "10"]
[White "Vega Jimenez, Keyshla M"]
[Black "Comas Colon, Rinelly M"]
[Result "0-1"]
[WhiteElo "1709"]
[BlackElo "1740"]
[PlyCount "48"]
[EventDate "2016.04.22"]
[EventType "tourn"]
[EventRounds "10"]
[EventCountry "PUR"]
[SourceTitle "EXT 2018"]
[Source "ChessBase"]
[SourceDate "2017.10.13"]
[SourceVersion "1"]
[SourceVersionDate "2017.10.13"]
[SourceQuality "1"]

1. e4 g6 2. d4 Bg7 3. Bd3 c5 4. dxc5 Qa5+ 5. Bd2 Qxc5 6. Nc3 Qc7 7. Nf3 Nc6 8. Nd5 Qd8 9. Qc1 e6 10. Bc3 f6 11. Ne3 Nge7 12. Ng4 0-0 13. Nh6+ Kh8 14. h4 Ng8 15. Bd2 Nxh6 16. Bxh6 Qa5+ 17. c3 Ne5 18. Nxe5 Qxe5 19. g4 f5 20. gxf5 exf5 21. Bxg7+ Kxg7 22. Qe3 fxe4 23. Qxe4 Qxe4+ 24. Bxe4 Re8 0-1

[Event "PUR-ch (Women)"]
[Site "Humacao"]
[Date "2016.05.13"]
[Round "6"]
[White "Vega Jimenez, Keyshla M"]
[Black "Pacheco, Hilzandryly"]
[Result "0-1"]
[WhiteElo "1709"]
[BlackElo "1780"]
[PlyCount "40"]
[EventDate "2016.04.22"]
[EventType "tourn"]
[EventRounds "10"]
[EventCountry "PUR"]
[SourceTitle "EXT 2018"]
[Source "ChessBase"]
[SourceDate "2017.10.13"]
[SourceVersion "1"]
[SourceVersionDate "2017.10.13"]
[SourceQuality "1"]

1. e4 d5 2. exd5 Nf6 3. Nf3 Nxd5 4. h3 Bf5 5. Bc4 Nc6 6. d3 e5 7. Qe2 f6 8. a3 Nb6 9. Ba2 Qd7 10. Nc3 0-0-0 11. Be3 Nd4 12. Bxd4 exd4 13. Ne4 Re8 14. 0-0-0 Be6 15. Bxe6 Qxe6 16. Nxd4 Qa2 17. Qg4+ Kb8 18. Nb3 Na4 19. Qd7 Bxa3 20. Qxa4 Bxb2+ 0-1